000 00890nam a2200241 a 4500
005 20070119085348.0
008 060831s2006 ii b 000 0 eng
010 _aENG-91370
020 _c50.00
_a9788177355154
035 _aEN-74903
037 _bDBAD / PUB
040 _adpl
_bEnglish
082 _a005.8
100 _aSenthil, S. Azhagu
245 _aSecurity mechanism in network protocols /
_cby S. Azhagu Senthil
260 _aChennai
_bPavai Publications
_c2008
300 _avii, 93p.
_c22cm (pbk)
500 _aIncludes index
520 _aHistory of Kashmiri Pandits and Kashmir, India.
650 _aComputer networks
_xSecurity measures
942 _2ddc
_cEN
_mSEN
_h005.8
999 _c16872
_d16872